| 000 | 00821cab a22001935a 4500 | ||
|---|---|---|---|
| 001 | L147192 | ||
| 008 | 090414e20090403xxkd f 000 0 eng d | ||
| 035 | _a(Sirsi) u147192 | ||
| 041 | 0 | _aeng | |
| 100 | 1 | _aMoone, Brian | |
| 245 | 0 | 0 |
_aLead times _bJanuary-March 2009 |
| 260 | _c2009 | ||
| 490 | 0 |
_aBuilding _v274(8573) 3 April 2009, 60-61 (2) |
|
| 520 | _aReports that lead times remain the same for all categories, except concrete works and specialist joinery. Lead times for concrete works decreased to nine weeks. They were reduced to 14 weeks for specialist joinery. Gives details of lead times for various products including piling, concrete works, structural steel frames, cladding and roofing. | ||
| 590 | _aKA | ||
| 651 | 4 |
_aUnited Kingdom _y |
|
| 690 | _aBUILT ENVIRONMENT-BUILDING ELEMENTS | ||
| 942 | _n0 | ||
| 999 |
_c81422 _d81422 |
||